Zwycięzcy Pucharu Konfederacji. - Statystyki

Ogólne statystyki
  • Ten quiz został rozwiązany 738 razy
  • Średni wynik to 6 z 9
Statystyki odpowiedzi
Rok Zwycięzca % Poprawnych
1997 Brazylia
96%
2005 Brazylia
96%
2009 Brazylia
96%
2013 Brazylia
96%
2001 Francja
71%
2003 Francja
71%
1992 Argentyna
68%
1999 Meksyk
26%
1995 Dania
10%
Nie znaleziono quizów pasujących do podanych kryteriów
Rozkład punktacji
Procent ludzi z każdym wynikiem
Percentyl według liczby udzielonych odpowiedzi
Twoja historia wyników
Nie rozwiązałeś tego quizu